=LDR 00000nam 2200000 4500 =001 000519 =005 20250710110610 =035 ##$$a 0010-0725000381 =007 ta =008 250710################a##########0#ind## =020 ##$$a 978-623-118-788-8 =082 ##$$a 398.209 598 =084 ##$$a 398.209 598 SAB a =100 #$$a Sabir =245 1#$$a Aku, Kakek, dan Kerbau-Kerbaunya /$c Sabir =250 ##$$a Cetakan Kedua =260 ##$$a Jakarta Timur :$b Kementerian Pendidikan, Kebudayaan, Riset, dan Teknologi,$c 2023 =300 ##$$a 24 hlm : $b ilus. ; $c 21 x 29,7 cm =650 #4$$a Kesusastraan Anak =600 #4$$a Cerita anak-Indonesia =856 ##$$a TBM AS SUHADA =990 ##$$a TBM02720272